Biblioteca

Propuesta de paz : (Registro nro. 65091)

Detalles MARC
000 -LÍDER
Campo fijo de descripción fija 01285nam a2200337 i 4500
001 - NÚMERO DE CONTROL
Campo de control 768714001
003 - IDENTIFICADOR DEL NÚMERO DE CONTROL
Campo de control CO-MdFUSB
005 - FECHA Y HORA DE LA ULTIMA TRANSACCIÓN
control field 20190716155943.0
008 - ELEMENTOS DE LONGITUD FIJA -- INFORMACIÓN GENERAL
Campo fijo de descripción fija -- Información general 190607t2008 ck d|||| |||| 00| 0 spa d
020 ## - NÚMERO INTERNACIONAL NORMALIZADO PARA LIBROS
Número Internacional Normalizado del libro 9789584402493
040 ## - FUENTE DE CATALOGACIÓN
Agencia de catalogación original CO-MdFUSB
Idioma de catalogación spa
Agencia que realiza la transcripción CO-MdFUSB
Agencia que realiza la modificación CO-MdFUSBC
Convenciones de la descripción rda
041 ## - CÓDIGO DE IDIOMA
Código de idioma para texto/pista de sonido o título separado spa
082 ## - NÚMERO DE CLASIFICACIÓN DECIMAL DEWEY
Número de la edición del Dewey 23
Número de clasificación 303.690986
Clave de autor-Numero de item B516
100 ## - ASIENTO PRINCIPAL--NOMBRE PERSONAL
Nombre personal Bermúdez Ardila, Fernando,
Término relacionador autor
245 ## - TÍTULO
Título del Material Propuesta de paz :
Parte restante del título - Subtitulo solución práctica al conflicto armado de Colombia.
Mención de responsabilidad, etc. / Fernando Bermúdez Ardila.
264 #1 - PRODUCCIÓN, PUBLICACIÓN, DISTRIBUCIÓN, MANUFACTURA, Y COPYRIGHT
Lugar de producción, publicación, distribución, manufactura Bogotá, Colombia :
Nombre del productor, publicador, distribuidor Centro de Estudios Políticos e Investigaciones Históricas,
Fecha de producción, publicación, distribución, manufactura, o copyright [2008]
264 #4 - PRODUCCIÓN, PUBLICACIÓN, DISTRIBUCIÓN, MANUFACTURA, Y COPYRIGHT
Fecha de producción, publicación, distribución, manufactura, o copyright © 2008
300 ## - DESCRIPCIÓN FÍSICA
Extensión 130 páginas
Dimensiones ; 20 cm
336 ## - TIPO DE CONTENIDO
Fuente rdacontent
Término de tipo de contenido texto
Código de tipo de contenido txt
337 ## - TIPO DE MEDIO
Fuente rdamedia
Nombre del tipo de medio sin mediación
Código del tipo de medio n
338 ## - TIPO DE SOPORTE
Fuente rdacarrier
Nombre del tipo de soporte volumen
Código Tipo de soporte nc
504 ## - NOTA DE BIBLIOGRAFÍA, ETC.
Nota de bibliografía, etc Bibliografía (páginas 127-130)
505 ## - NOTA DE CONTENIDO
Nota de contenido con formato preestablecido Caminando hacia el presente. -- Una paz minada. -- Solución práctica al conflicto armado. -- La actualidad de Colombia hoy.
650 #0 - ASIENTO SECUNDARIO DE MATERIA - TERMINO TEMÁTICO
9 (RLIN) 147
Término temático o nombre geográfico como elemento de entrada Reconciliación
Término temático que sigue al nombre geográfico como elemento de entrada Aspectos políticos
Subdivisión geográfica Colombia
650 #0 - ASIENTO SECUNDARIO DE MATERIA - TERMINO TEMÁTICO
9 (RLIN) 397
Término temático o nombre geográfico como elemento de entrada Gestión de conflictos
Subdivisión geográfica Colombia
Fuente del encabezamiento o término embne
650 #0 - ASIENTO SECUNDARIO DE MATERIA - TERMINO TEMÁTICO
9 (RLIN) 397
Término temático o nombre geográfico como elemento de entrada Negociación
Subdivisión geográfica Colombia
Fuente del encabezamiento o término embne
650 #0 - ASIENTO SECUNDARIO DE MATERIA - TERMINO TEMÁTICO
9 (RLIN) 2052
Término temático o nombre geográfico como elemento de entrada Paz
856 ## - LOCALIZACIÓN Y ACCESO ELECTRÓNICOS
Identificador Uniforme del Recurso <a href="www.propuestadepazcolombia.com">www.propuestadepazcolombia.com</a>
942 ## - TIPO DE MATERIAL (KOHA)
Tipo de Item KOHA Libros General
945 ## - INFORMACIÓN LOCAL DEL REGISTRO
Catalogador JTF-925
Revisión registro AEM-53
Existencias
Estado de Material Estado de Perdido Forma de Clasificación Estado de Dañado No para Préstamo Colección Biblioteca de Origen Biblioteca Permanente Fecha de Adquisición Área Total de Préstamos Signatura Topográfica Código de Barras Última vez visto Ejemplar/Existencia Fecha de Remplazo Tipo de Material
    Dewey Decimal Classification     Colección General Biblioteca FUSBC Biblioteca FUSBC 07/06/2019 SOCIOLOGIA   G 303.690986 B516p 5054 12/12/2019 Ej. 1 07/06/2019 Libros General

Biblioteca FUSBC | Teléfono: (57+4) 349 88 10 Ext. 141| WhatsApp (+57) 3005338115 
E-mail: biblioteca@unisbc.edu.co | Calle 76 87-14 Robledo Palenque, Medellín, Colombia

Con tecnología Koha